États des États-Unis - Carte Quiz -les plus peuplés - Statistiques

Statistiques générales
  • Ce quiz a été pris 25 fois
  • Le résultat moyen est 11 sur 20
Réponses sur la Carte
Les réponses sont colorées sur une échelle allant du rouge au vert en fonction du pourcentage des utilisateurs qui les ont devinées à leur premier essai. Vous pouvez retrouver ces pourcentages ci-dessous.
 
Statistiques - réponses
Réponse % Correct
Californie
95%
Floride
82%
Texas
82%
Washington
82%
Caroline du Nord
59%
Michigan
59%
New York
59%
Arizona
55%
Colorado
55%
Géorgie
55%
Virginie
55%
Illinois
45%
Maryland
45%
Missouri
45%
Pennsylvanie
45%
New Jersey
41%
Tennessee
41%
Massachusetts
36%
Indiana
32%
Ohio
27%
Aucun quiz correspondant
Distribution des résultats
% des personnes avec chaque résultat
Percentile par nombre de réponses
Votre historique - résultats
Vous n’avez pas pris ce quiz